Tanzimat döneminde bir iskan modeli : (Record no. 14891)
| 000 -BAŞLIK | |
|---|---|
| Sabit Uzunluktaki Kontrol Alanı | 01615nam a22004217a 4500 |
| 001 - KONTROL NUMARASI | |
| Control Dosyası | 0014928 |
| 003 - KONTROL NUMARASI KİMLİĞİ | |
| Kontrol Alanı | KOHA_MİRAKIL |
| 005 - EN SON İŞLEM TARİHİ ve ZAMANI | |
| Kontrol Alanı | 20260207002011.0 |
| 007 - FİZİKSEL TANIM SABİT ALAN - GENEL BİLGİ | |
| Sabit uzunluklu kontrol alanı | ta |
| 008 - SABİT UZUNLUKTAKİ VERİ ÖGELERİ - GENEL BİLGİ | |
| Sabit Alan | 100310b2006 tu |||gr||||#||||0|tur | |
| 020 ## - ISBN - ULUSLARARASI STANDART KİTAP NUMARASI | |
| Isbn | 9755857052 |
| 020 ## - ISBN - ULUSLARARASI STANDART KİTAP NUMARASI | |
| Isbn | |
| Kullanılabilirlik koşulları | 0,01 |
| 040 ## - KATALOGLAMA KAYNAĞI | |
| Özgün Kataloglama Kurumu | TR-BiSEU |
| Kataloglama Dili | tur |
| Çeviri Kurumu | TR-BiSEU |
| Açıklama Kuralları | rda |
| 041 0# - DİL KODU | |
| Metin ya da ses kaydının dil kodu | tur |
| 044 ## - YAYINLAYAN/ÜRETEN KURULUŞUN ÜLKE KODU | |
| ISO country code | tu |
| 050 ## - SINIFLAMA ve YER NUMARASI | |
| Sınıflama Numarası | DS51 |
| Yer Numarası | .S36 2006 |
| 100 1# - KİŞİ ADI | |
| Yazar Adı (Kişi adı) | Sansar, M. Fatih. |
| 245 1# - ESER ADI BİLDİRİMİ | |
| Başlık | Tanzimat döneminde bir iskan modeli : |
| Alt Eseradı vb. | Fırka-i Islahiye ve Osmaniye (Cebel-i Bereket)/ |
| Sorumluluk Bildirimi | M. Fatih Sansar ; M. Fatih Sansar. |
| 264 #1 - ÜRERİM, YAYIN, DAĞITIM ve TELİF BİLDİRİMİ | |
| Yayın yeri | Osmaniye : |
| Yayınlayan | T.C. Osmaniye İl Kültür ve Turizm Müdürlüğü |
| Yayın tarihi | 2006 |
| 300 ## - FİZİKSEL TANIMLAMA | |
| Sayfa, Cilt vb. | 166 sayfa: harita, resimli; 24 cm. |
| 336 ## - İÇERİK TÜRÜ | |
| Content type term | metin |
| Content type code | txt |
| Source | rdacontent |
| 337 ## - MEDYA TÜRÜ | |
| Media type term | aracısız |
| Media type code | n |
| Source | rdamedia |
| 338 ## - TAŞIYICI TÜRÜ | |
| Carrier type term | cilt |
| Carrier type code | nc |
| Source | rdacarrier |
| 490 1# - DİZİ BİLDİRİMİ | |
| Dizi Bildirimi | Osmaniye Valiliği İl Kültür ve Turizm Müdürlüğü. |
| 490 1# - DİZİ BİLDİRİMİ | |
| Dizi Bildirimi | Kültür Eserleri Dizisi ; |
| Cilt Numarası | 2. |
| 500 ## - GENEL NOT | |
| Genel Not | Kaynakça var. |
| 650 #0 - KONU BAŞLIĞI EK GİRİŞ - KONU TERİMİ | |
| Konusal terim veya coğrafi ad | Dwellings--Maintenance and repair. |
| 9 (RLIN) | 34705 |
| 650 #0 - KONU BAŞLIĞI EK GİRİŞ - KONU TERİMİ | |
| Konusal terim veya coğrafi ad | Islahiye (Gaziantep İli, Turkey)--History. |
| 9 (RLIN) | 34706 |
| 650 #0 - KONU BAŞLIĞI EK GİRİŞ - KONU TERİMİ | |
| Konusal terim veya coğrafi ad | Turkey--History Tanzimat, 1839-1876. |
| 9 (RLIN) | 27977 |
| 650 #0 - KONU BAŞLIĞI EK GİRİŞ - KONU TERİMİ | |
| Konusal terim veya coğrafi ad | Osmaniye (Turkey)--Economic conditions.--History. |
| 9 (RLIN) | 34707 |
| 650 #0 - KONU BAŞLIĞI EK GİRİŞ - KONU TERİMİ | |
| Konusal terim veya coğrafi ad | Konut--Bakım ve onarım. |
| 9 (RLIN) | 34708 |
| 650 #0 - KONU BAŞLIĞI EK GİRİŞ - KONU TERİMİ | |
| Konusal terim veya coğrafi ad | Islahiye (Gaziantep İli, Türkiye)--Tarih. |
| 9 (RLIN) | 34709 |
| 650 #0 - KONU BAŞLIĞI EK GİRİŞ - KONU TERİMİ | |
| Konusal terim veya coğrafi ad | Türkiye--Tarih--Tanzimat, 1839-1876. |
| 9 (RLIN) | 24121 |
| 650 #0 - KONU BAŞLIĞI EK GİRİŞ - KONU TERİMİ | |
| Konusal terim veya coğrafi ad | Osmaniye (Türkiye)--Ekonomik durum--Tarih. |
| 9 (RLIN) | 34710 |
| 830 1# - SERİ EK GİRİŞİ - TEKBİÇİM ESER ADI | |
| Tekbiçim Başlık | Osmaniye Valiliği İl Kültür ve Turizm Müdürlüğü. |
| 9 (RLIN) | 34711 |
| 830 1# - SERİ EK GİRİŞİ - TEKBİÇİM ESER ADI | |
| Tekbiçim Başlık | Kültür Eserleri Dizisi ; |
| Volume number/sequential designation | 2. |
| 9 (RLIN) | 34712 |
| 942 ## - EK GİRİŞ ÖGELERİ (KOHA) | |
| Source of classification or shelving scheme | Library of Congress Classification |
| Koha item type | Book |
| Materyal Türü | Kalıcı Konum | Mevcut Konum | Raf Yeri | Sınıflandırma Kaynağı | Edinim Bilgisi | Ana Konular | Alt Konular | Yer Numarası | Demirbaş Numarası | Fatura Tarihi | Geri Çekilme Durumu | Kayıp Durumu | Hasarlı Durumu | Kredi için değil | Kayıt Tarih | Toplam Ödünçverme | Son Görülme Tarihi | Son Kontrol Tarihi | Genel / Bağış Notu |
|---|---|---|---|---|---|---|---|---|---|---|---|---|---|---|---|---|---|---|---|
| Book | Prof. Dr. Azmi Özcan Kütüphanesi | Prof. Dr. Azmi Özcan Kütüphanesi | Uluğbey Salonu | Library of Congress Classification | Bağış | DÜNYA TARİHİ (AVRUPA, ASYA, AFRİKA VB.) | Asya | DS51 .S36 2006 | 0014928 | 13/08/2010 | 10/03/2010 | 05/12/2024 | 05/12/2024 | Genel Bağış |
